000 00440nam a2200181Ia 4500
001 11175
005 20260306161927.0
008 260306t2009||||xx |||||||||||||| ||spa||
041 _aESP
082 _a985.01
_bR84
100 _aRosas, Fernando (comp.)
_eAUT
245 0 _aBreve historia general de los peruanos
260 _c2009
300 _a346 páginas :
_c20 cm.
650 _aGEN
654 _aCHU
942 _cLIB
_dJUS
_fJUS
_2ddc
_n
999 _c11175
_d11175